Perspectivas de la economía mundial y su impacto sobre América Latina.

Bibliographic Details
Main Author: Ffrench-Davis Muñoz, Ricardo 1936-
Other Authors: Meller, Patricio
Format: Libro
Language:English
Published: Santiago, Chile Cieplan 1986
Series:Apuntes Cieplan 61
Subjects:

MARC

LEADER 00000cam a2200000 a 4500
001 028940
003 UAHC_CL
005 20170803123018.0
008 010822b xx j 000 1 eng
040 |a UAHC_CL  |c UAHC_CL  |d UAHC_CL 
082 0 4 |a CIEPLAN031-1521 
100 1 |a Ffrench-Davis Muñoz, Ricardo  |d 1936- 
245 1 0 |a Perspectivas de la economía mundial y su impacto sobre América Latina. 
260 |b Cieplan  |c 1986  |a Santiago, Chile 
300 |a 38 p. 
490 0 |a Apuntes Cieplan  |v 61 
650 4 |a ECONOMIA  |z AMERICA LATINA 
650 4 |a ECONOMIA INTERNACIONAL 
700 1 |a Meller, Patricio 
900 |a CIEPLAN031-1521 
942 |c BK 
952 |0 0  |1 0  |4 0  |6 CIEPLAN_0311521  |7 0  |8 General  |9 56913  |a BC  |b BC  |c General  |d 2017-08-03  |l 0  |o CIEPLAN031-1521  |p 1313930  |r 2019-01-04 00:00:00  |t 1  |w 2017-08-03  |y BK 
999 |c 28940  |d 28940